000
00302nam a2200121Ia 4500
008
220217s9999||||xx |||||||||||||| ||und||
082
_a
005.13 DON
100
_a
Don, Gossedin
_9
2863
245
0
_a
Java
260
_a
Cource tech
_b
Cambridge
_c
2000
300
_b
375
650
_a
PROGRAMMING LANGUAGE
999
_c
170144
_d
170144